000 00671nam a2200289Ia 4500
005 20260324150248.0
008 008 260324s9999 xx 000 0 eng d
020 _a9780429474668
037 _aEBOOK
040 _aCRL
040 _beng
040 _cCRL
041 _2eng
041 _aeng
084 _qCRL
100 _aJanine Chasseguet-Smirgel
_91220394
245 0 _aFemale Sexuality
245 0 _bNew Psychoanalytic Views
260 _bTaylor and Francis
260 _c1970
365 _a
365 _b205
856 _uhttp://www.taylorfrancis.com/books/9780429474668
942 _cEBOOK
999 _c1834964
_d1834964